Muslim women in India (Record no. 146)
[ view plain ]
| 000 -LEADER | |
|---|---|
| fixed length control field | 005390000a22001930004500 |
| 005 - DATE AND TIME OF LATEST TRANSACTION | |
| control field | 20240315145924.0 |
| 008 - FIXED-LENGTH DATA ELEMENTS--GENERAL INFORMATION | |
| fixed length control field | 230817t ||||| |||| 00| 0 eng d |
| 020 ## - ISBN | |
| ISBN | 1897693478 |
| 022 ## - INTERNATIONAL STANDARD SERIAL NUMBER | |
| ISSN | 03056252 |
| 027 ## - STANDARD TECHNICAL REPORT NUMBER | |
| Report Number | 98/2 |
| 082 ## - DEWEY DECIMAL CLASSIFICATION NUMBER | |
| Classification number | 305.49 |
| Item number | KAZ |
| 942 ## - ADDED ENTRY ELEMENTS (KOHA) | |
| Item Type | Reports |
| 100 ## - MAIN ENTRY--PERSONAL NAME | |
| Personal Name | Kazi, Seema |
| 245 ## - TITLE STATEMENT | |
| Title | Muslim women in India |
| 260 ## - PUBLICATION, DISTRIBUTION, ETC. (IMPRINT) | |
| Place of Publication | London : |
| Name of Publisher | Minority rights group, |
| Date of Copyright | 1999 |
| 300 ## - PHYSICAL DESCRIPTION | |
| Extent | 39 p. : ill.; 30 cm |
| Physical Details | Bibliography included |
| 650 ## - SUBJECT ADDED ENTRY--TOPICAL TERM | |
| Topical Term | Muslim women- India- Social conditions |
| 650 ## - SUBJECT ADDED ENTRY--TOPICAL TERM | |
| Topical Term | Muslim women--Civil rights--India |
| Withdrawn status | Lost status | Damaged status | Not for loan | Permanent location | Current location | Date acquired | Total Checkouts | Full call number | Barcode | Date last seen | Price effective from | Koha item type |
|---|---|---|---|---|---|---|---|---|---|---|---|---|
| Resource center, Muslim Women's Research And Action Forum | Resource center, Muslim Women's Research And Action Forum | 2023-08-17 | 305.49 KAZ | RAF3984 | 2023-08-17 | 2023-08-17 | Reports |

